AH International Schools' Libraries

Normal view MARC view
  • mini beast

Entry Topical Term

Number of records used in: 1

001 - CONTROL NUMBER

  • control field: 86229

003 - CONTROL NUMBER IDENTIFIER

  • control field: OSt

005 - DATE AND TIME OF LATEST TRANSACTION

  • control field: 20250411110046.0

008 - FIXED-LENGTH DATA ELEMENTS

  • fixed length control field: 250411|| aca||aabn | a|a d

040 ## - CATALOGING SOURCE

  • Original cataloging agency: OSt
  • Transcribing agency: OSt

150 ## - HEADING--TOPICAL TERM

  • Topical term or geographic name as entry element: mini beast

670 ## - SOURCE DATA FOUND

  • Source citation: Work cat.: (OSt)48833: Unwin, Mike, author. 59979, My First Book of Garden Bugs /, 2009.

For any Logos Library related questions please contact Miss Art at swongnarasuk@asianhope.org.

For any Asian Hope Library related questions please contact Miss Raza at graza@asianhope.org.

Click here to explore our ebooks!

Powered by Koha